000 00650nam a22001577a 4500
003 macl
005 20190623132314.0
008 190623b xxu||||| |||| 00| 0 eng d
040 _cmacl
082 _a800/SIN
100 _aसिंह , संजय कुमार
_972722
245 _aहिन्‍दी कहानियां का पाठ -भेद संदर्भ काशीनाथ सिंह
260 _aदिल्‍ली
_bयश पब्लिशर्स एडं डिस्‍ट्रीब्‍यूटर्स
_c2016
650 _aकहानी साहित्‍य
_969293
942 _2ddc
_cHIN
999 _c60238
_d60238